000 01170nas a2200337 4500
001 BR8001413
003 BR-BrBNA
005 20231205084222.0
007 ta
008 230509b bl.|||p| |||| 00| 00por d
040 _aBR-BrBNA
_bpor
_cBiblioteca Nacional de Agricultura
041 _a(Pt)
072 _aL73
100 1 _aCortes, V. de A.
100 1 _aCortes, J. de A.
100 1 _aVasconcellos, S.A.
100 1 _aIto, F.H.
100 1 _aEnriquez Rozas, C.E.
100 1 _aNilsson, M.R.
100 1 _aPain, G.V.
245 1 _aEstudo comparativo entre a suscetibilidade de camundongos lactentes e adultos para isolamento de virus rabico a partir da saliva de caes com raiva natural [Canis familiaris]
246 1 _aThe susceptibility of weanling and suckling mice for rabies virus assay in saliva samples from rabid dogs [Canis falimiliaris]
650 _aDoenca animal
650 _aCao
650 _aCamundongo
650 _aRaiva
650 _aVirus
773 0 _tArquivos do Instituto Biologico (Brazil)
_xISSN 0020-3653
_g(Jul 1979), v. 46(3-4) p. 97-102
_wBR8001413
909 _a202311
_bLúcia
_c55
_dLúcia Elande
942 _2AGRIS
_n0
_cANA
999 _c103841
_d103841